Les villes les plus peuplées de France commençant par B - Statistiques

Statistiques générales
  • Ce quiz a été pris 104 fois
    22 depuis la dernière actualisation
  • Le résultat moyen est 12 sur 15
Statistiques - réponses
Départements Population Villes % Correct
Gironde 261 000 Bordeaux
100%
Haute Corse 49 000 Bastia
94%
Finistère 140 000 Brest
94%
Pyrénées Atlantiques 52 000 Bayonne
89%
Doubs 119 000 Besançon
89%
Oise 57 000 Beauvais
83%
Territoire de Belfort 47 000 Belfort
83%
Hérault 78 000 Béziers
83%
Loir-et-Cher 46 000 Blois
83%
Seine Saint Denis 54 000 Bobigny
83%
Hauts de Seine 122 000 Boulogne Billancourt
83%
Cher 65 000 Bourges
83%
Corrèze 46 000 Brive la Gaillarde
67%
Seine Saint Denis 54 000 Bondy
50%
Rhône 42 000 Bron
50%
Aucun quiz correspondant
Distribution des résultats
% des personnes avec chaque résultat
Percentile par nombre de réponses
Votre historique - résultats
Vous n’avez pas pris ce quiz depuis la dernière actualisation